000
00265nam a2200121 a 4500
005
20140412111328.0
008
110118s19uu xx 00 eng d
050
_a
ER
_b
Ja11ob
245
_a
An Obedient boy.
260
_a
Japan.
300
_a
unp.
999
_c
104784
_d
104784